[Event "Oberliga Baden 2324"]
[Site "Germany"]
[Date "2024.01.14"]
[Round "5.7"]
[White "Bittner, Patrick"]
[Black "Maehrlein, Christoph"]
[Result "1-0"]
[WhiteElo "1948"]
[BlackElo "2000"]
[PlyCount "75"]
[EventDate "2023.09.17"]
[EventType "team-tourn"]
[EventRounds "9"]
[EventCountry "GER"]
[SourceTitle "EXT 2025"]
[Source "ChessBase"]
[SourceDate "2024.10.14"]
[SourceVersion "1"]
[SourceVersionDate "2024.10.14"]
[SourceQuality "1"]
[WhiteTeam "Baden-Baden III"]
[BlackTeam "Pforzheim"]
[WhiteTeamCountry "GER"]
[BlackTeamCountry "GER"]

1. Nf3 d5 2. g3 Nf6 3. Bg2 c6 4. d3 Bg4 5. h3 Bh5 6. g4 Bg6 7. Ne5 Nbd7 8. Nxg6 hxg6 9. Nd2 Qc7 10. e4 e6 11. Qf3 Bc5 12. exd5 cxd5 13. Nb3 Ne5 14. Qe2 Bb6 15. d4 Nc6 16. c3 0-0 17. 0-0 Qd6 18. Kh1 Bc7 19. f4 Nd7 20. Be3 b6 21. Bg1 f5 22. g5 Kf7 23. c4 Rh8 24. Rac1 Rac8 25. cxd5 exd5 26. Qf3 Ne7 27. Rc3 Bb8 28. Re3 Rh4 29. Bh2 Nf8 30. Nc1 Ne6 31. Rfe1 Rxc1 32. Rxc1 Nxd4 33. Qf2 Rxf4 34. Bxf4 Qxf4 35. Rxe7+ Kxe7 36. Qxf4 Bxf4 37. Rd1 Ne2 38. Re1 1-0

[Event "Baden-ch 95th"]
[Site "Freiburg"]
[Date "2023.10.02"]
[Round "6"]
[White "Maehrlein, Christoph"]
[Black "Stuermer, Robin Gabriel"]
[Result "0-1"]
[WhiteElo "2000"]
[BlackElo "2225"]
[PlyCount "60"]
[EventDate "2023.09.30"]
[EventType "swiss"]
[EventRounds "7"]
[EventCountry "GER"]
[SourceTitle "EXT 2025"]
[Source "ChessBase"]
[SourceDate "2024.10.14"]
[SourceVersion "1"]
[SourceVersionDate "2024.10.14"]
[SourceQuality "1"]

1. Nf3 Nc6 2. e4 Nf6 3. Nc3 d5 4. exd5 Nxd5 5. Bc4 Nxc3 6. bxc3 e6 7. d4 Bd6 8. 0-0 0-0 9. Re1 b6 10. Bd3 h6 11. Rb1 Bb7 12. c4 Nb4 13. Be4 Bxe4 14. Rxe4 c5 15. c3 Nc6 16. Rg4 f5 17. Rh4 e5 18. dxc5 Bxc5 19. Qd5+ Qxd5 20. cxd5 Rad8 21. c4 e4 22. Nd2 Ne5 23. Kf1 Nd3 24. f3 Rde8 25. Nb3 exf3 26. Bd2 fxg2+ 27. Kxg2 Re2+ 28. Kh3 Bd6 29. Rh1 Rf6 30. Rd4 Nf2+ 0-1

[Event "Oberliga Baden 2324"]
[Site "Germany"]
[Date "2023.09.17"]
[Round "1.6"]
[White "Maehrlein, Christoph"]
[Black "Duschek, Volker"]
[Result "0-1"]
[WhiteElo "2000"]
[BlackElo "2290"]
[PlyCount "98"]
[EventDate "2023.09.17"]
[EventType "team-tourn"]
[EventRounds "9"]
[EventCountry "GER"]
[SourceTitle "EXT 2025"]
[Source "ChessBase"]
[SourceDate "2024.10.14"]
[SourceVersion "1"]
[SourceVersionDate "2024.10.14"]
[SourceQuality "1"]
[WhiteTeam "Pforzheim"]
[BlackTeam "Karlsruhe"]
[WhiteTeamCountry "GER"]
[BlackTeamCountry "GER"]

1. Nf3 Nf6 2. c4 g6 3. b3 d6 4. g3 e5 5. d3 Bg7 6. Bb2 0-0 7. Bg2 c5 8. 0-0 Nc6 9. e3 Re8 10. Nbd2 h6 11. a3 Be6 12. Rc1 Bf5 13. Ne1 Qd7 14. e4 Bh3 15. f4 exf4 16. Bxh3 Qxh3 17. Rxf4 Ng4 18. Qxg4 Qxg4 19. Rxg4 Bxb2 20. Rb1 Bd4+ 21. Kf1 g5 22. Ndf3 Ne5 23. Nxe5 Bxe5 24. h4 f6 25. hxg5 fxg5 26. Nf3 Rf8 27. Kg2 Rxf3 28. Kxf3 Rf8+ 29. Kg2 Kg7 30. b4 b6 31. bxc5 bxc5 32. Rb7+ Kg6 33. Re7 h5 34. d4 Bxd4 35. e5 hxg4 36. exd6 Rf2+ 37. Kh1 Rf1+ 38. Kg2 Rg1+ 39. Kh2 Rd1 40. Rxa7 Rd2+ 41. Kh1 Be5 42. d7 Kf5 43. Ra5 Ke4 44. Rxc5 Rxd7 45. Kg2 Rd2+ 46. Kf1 Ra2 47. Ra5 Bxg3 48. Rxg5 Kf3 49. Rf5+ Bf4 0-1

[Event "Verbandsliga Nordbaden 1920"]
[Site "Baden"]
[Date "2020.03.08"]
[Round "7.4"]
[White "Farmani Anosheh, Yasha"]
[Black "Maehrlein, Christoph"]
[Result "1-0"]
[WhiteElo "2171"]
[BlackElo "2067"]
[PlyCount "85"]
[EventDate "2019.09.29"]
[EventType "team-tourn"]
[EventRounds "9"]
[EventCountry "GER"]
[SourceTitle "EXT 2021"]
[Source "ChessBase"]
[SourceDate "2020.10.23"]
[SourceVersion "1"]
[SourceVersionDate "2020.10.23"]
[SourceQuality "1"]
[WhiteTeam "Ladenburg"]
[BlackTeam "Pforzheim"]
[WhiteTeamCountry "GER"]
[BlackTeamCountry "GER"]

1. d4 d5 2. c4 e6 3. Nf3 Nf6 4. g3 c6 5. Qc2 Ne4 6. Bg2 f5 7. 0-0 Bd6 8. Nc3 0-0 9. Bf4 Bxf4 10. gxf4 b6 11. Ne5 Bb7 12. Nxe4 dxe4 13. Rfd1 Nd7 14. f3 e3 15. Nxd7 Qxd7 16. Qd3 Ba6 17. b3 b5 18. c5 Bb7 19. Qxe3 a5 20. a3 Qf7 21. b4 a4 22. Qf2 Rad8 23. e3 Qf6 24. Kf1 Rf7 25. Ke2 Rfd7 26. Qg3 Kh8 27. Kf2 Bc8 28. h4 g6 29. h5 Rg7 30. Qg5 Rf8 31. Qxf6 Rxf6 32. Rh1 Bd7 33. hxg6 Rgxg6 34. Rag1 Kg7 35. Bf1 Rxg1 36. Rxg1+ Rg6 37. Rxg6+ hxg6 38. e4 Kf6 39. Ke3 Be8 40. Bd3 Ke7 41. Bb1 Bf7 42. Ba2 Kd7 43. d5 1-0

[Event "Heusenstamm Sparkassen op-A 6th"]
[Site "Heusenstamm"]
[Date "2019.11.23"]
[Round "5"]
[White "Maehrlein, Christoph"]
[Black "Barzen, Pascal"]
[Result "0-1"]
[WhiteElo "2053"]
[BlackElo "2312"]
[PlyCount "122"]
[EventDate "2019.11.21"]
[EventType "swiss"]
[EventRounds "7"]
[EventCountry "GER"]
[SourceTitle "CBM 194 Extra"]
[Source "ChessBase"]
[SourceDate "2020.03.31"]
[SourceVersion "1"]
[SourceVersionDate "2020.03.31"]
[SourceQuality "1"]

1. c4 e5 2. Nc3 Nc6 3. g3 Bc5 4. Bg2 a6 5. d3 d6 6. a3 Ba7 7. Nf3 Nf6 8. 0-0 h6 9. Nd5 0-0 10. b4 Nxd5 11. cxd5 Ne7 12. e4 f5 13. exf5 Bxf5 14. Nh4 Bd7 15. Be4 Bh3 16. Ng2 Qe8 17. Bb2 c6 18. dxc6 bxc6 19. d4 d5 20. Bf3 e4 21. Bg4 Bxg4 22. Qxg4 Nf5 23. Rad1 Nd6 24. Nf4 Nc4 25. Bc1 Qc8 26. Qh5 Qf5 27. Qxf5 Rxf5 28. Ng2 Rf3 29. Ne3 Nd6 30. Rfe1 Kf7 31. Ng4 Nc4 32. Ne3 Nxe3 33. Rxe3 Rxe3 34. Bxe3 Ke6 35. Rc1 Kd7 36. Kg2 Bb6 37. Rb1 h5 38. h3 Bc7 39. g4 g6 40. Rf1 a5 41. Rb1 axb4 42. axb4 Rb8 43. f3 Bd6 44. Bd2 Ra8 45. Rb2 Ra3 46. gxh5 Rxf3 47. h6 Rg3+ 48. Kf1 Rxh3 49. b5 cxb5 50. Rxb5 e3 51. Ba5 Rxh6 52. Rxd5 Ke6 53. Rg5 Bf4 54. d5+ Kd7 55. Rg4 g5 56. Be1 Rh3 57. Kg2 Rh2+ 58. Kf3 Rh1 59. Bg3 Rh3 60. Kg2 Rxg3+ 61. Rxg3 e2 0-1

[Event "Heusenstamm Sparkassen op-A 6th"]
[Site "Heusenstamm"]
[Date "2019.11.22"]
[Round "2"]
[White "Zuferi, Enis"]
[Black "Maehrlein, Christoph"]
[Result "1/2-1/2"]
[WhiteElo "2290"]
[BlackElo "2053"]
[PlyCount "57"]
[EventDate "2019.11.21"]
[EventType "swiss"]
[EventRounds "7"]
[EventCountry "GER"]
[SourceTitle "CBM 193 Extra"]
[Source "ChessBase"]
[SourceDate "2020.01.31"]
[SourceVersion "1"]
[SourceVersionDate "2020.01.31"]
[SourceQuality "1"]

1. d4 d5 2. c4 e6 3. Nc3 Bb4 4. Nf3 dxc4 5. e4 b5 6. Be2 Bb7 7. e5 Bxc3+ 8. bxc3 Ne7 9. a4 Nd5 10. Qc2 a6 11. 0-0 h6 12. Bd2 Nb6 13. Rfb1 Bc6 14. axb5 axb5 15. Rxa8 Nxa8 16. Bc1 0-0 17. Nd2 Nb6 18. Ne4 N8d7 19. Bf3 Nd5 20. Ra1 N7b6 21. Ng3 b4 22. Qe4 Ne7 23. Qg4 Bxf3 24. gxf3 Nf5 25. cxb4 Qxd4 26. Nxf5 Qxg4+ 27. fxg4 exf5 28. gxf5 Rd8 29. Be3 1/2-1/2

[Event "Verbandsliga Nordbaden 1819"]
[Site "Baden"]
[Date "2019.05.05"]
[Round "9.4"]
[White "Maehrlein, Christoph"]
[Black "Oden, Edgar"]
[Result "0-1"]
[WhiteElo "2075"]
[BlackElo "2008"]
[PlyCount "66"]
[EventDate "2018.10.14"]
[EventType "team-tourn"]
[EventRounds "9"]
[EventCountry "GER"]
[SourceTitle "EXT 2020"]
[Source "ChessBase"]
[SourceDate "2019.10.17"]
[SourceVersion "1"]
[SourceVersionDate "2019.10.17"]
[SourceQuality "1"]
[WhiteTeam "Pforzheim"]
[BlackTeam "Bad Mergentheim II"]
[WhiteTeamCountry "GER"]
[BlackTeamCountry "GER"]

1. c4 Nf6 2. Nc3 e6 3. d4 d5 4. cxd5 exd5 5. Bg5 Be7 6. e3 c6 7. Qc2 0-0 8. Bd3 Nbd7 9. Nge2 Re8 10. 0-0 Nf8 11. f3 Nh5 12. Bxe7 Qxe7 13. e4 dxe4 14. fxe4 Bg4 15. Rf2 Nf6 16. Raf1 Bh5 17. Nf4 Bg6 18. Nxg6 fxg6 19. Qb3+ Kh8 20. e5 Ng4 21. Rf3 Ne6 22. Ne2 Rad8 23. Bc4 Nxd4 24. Nxd4 Qxe5 25. Rf4 Ne3 26. Ne6 Nxf1 27. Rxf1 Rd7 28. Qh3 Rde7 29. Kh1 b5 30. Nf4 Qf5 31. Bd3 Qxh3 32. Nxh3 Re3 33. Nf4 g5 0-1

[Event "Verbandsliga Nordbaden 1819"]
[Site "Baden"]
[Date "2019.03.31"]
[Round "8.4"]
[White "Gehrig, Matthias"]
[Black "Maehrlein, Christoph"]
[Result "1-0"]
[WhiteElo "2078"]
[BlackElo "2075"]
[PlyCount "63"]
[EventDate "2018.10.14"]
[EventType "team-tourn"]
[EventRounds "9"]
[EventCountry "GER"]
[SourceTitle "EXT 2020"]
[Source "ChessBase"]
[SourceDate "2019.10.17"]
[SourceVersion "1"]
[SourceVersionDate "2019.10.17"]
[SourceQuality "1"]
[WhiteTeam "Buchen II"]
[BlackTeam "Pforzheim"]
[WhiteTeamCountry "GER"]
[BlackTeamCountry "GER"]

1. e4 d5 2. exd5 Qxd5 3. Nc3 Qd6 4. d4 g6 5. Be3 Bg7 6. Qd2 a6 7. h3 Nf6 8. Nf3 b5 9. a3 Bb7 10. Be2 0-0 11. 0-0 Nbd7 12. Bf4 Qc6 13. Rfd1 Nb6 14. Ne1 Nbd5 15. Bf3 Rfd8 16. Be5 Qb6 17. Ne2 Nd7 18. Bxg7 Kxg7 19. Nd3 N5f6 20. Qe3 Bxf3 21. Qxf3 c5 22. dxc5 Nxc5 23. Qe3 Ncd7 24. Qf3 Rac8 25. Nc3 e5 26. Re1 e4 27. Nxe4 Rxc2 28. Nc3 Nc5 29. Nxc5 Qxc5 30. Re2 Rdd2 31. Rxd2 Rxd2 32. Qxf6+ 1-0

[Event "Verbandsliga Nordbaden 1819"]
[Site "Baden"]
[Date "2018.11.04"]
[Round "2.4"]
[White "Maehrlein, Christoph"]
[Black "Wuest, Hans Heiner"]
[Result "0-1"]
[WhiteElo "2075"]
[BlackElo "2036"]
[PlyCount "76"]
[EventDate "2018.10.14"]
[EventType "team-tourn"]
[EventRounds "9"]
[EventCountry "GER"]
[SourceTitle "EXT 2020"]
[Source "ChessBase"]
[SourceDate "2019.10.17"]
[SourceVersion "1"]
[SourceVersionDate "2019.10.17"]
[SourceQuality "1"]
[WhiteTeam "Pforzheim"]
[BlackTeam "Walldorf II"]
[WhiteTeamCountry "GER"]
[BlackTeamCountry "GER"]

1. c4 Nf6 2. Nc3 c5 3. e4 Nc6 4. Nf3 e5 5. d3 d6 6. h3 Be7 7. a3 0-0 8. g3 a6 9. Bg2 Rb8 10. 0-0 b5 11. cxb5 axb5 12. b4 Bd7 13. Bb2 cxb4 14. axb4 Nxb4 15. d4 Nc6 16. d5 Na5 17. Nd2 Qb6 18. Kh2 Rfc8 19. f4 exf4 20. gxf4 Nc4 21. Nxc4 Rxc4 22. e5 dxe5 23. fxe5 Ng4+ 24. Kh1 Nf2+ 25. Rxf2 Qxf2 26. Ne2 Bg4 27. Bd4 Qh4 28. d6 Bd8 29. Ba7 Bxh3 30. Qb3 Bxg2+ 31. Kxg2 Rbc8 32. Qxb5 Rg4+ 33. Kf1 Qh1+ 34. Bg1 Qf3+ 35. Bf2 Bh4 36. Qb6 Rg2 37. d7 Rxf2+ 38. Qxf2 Qxf2# 0-1

[Event "Heusenstamm Sparkassen op-A 4th"]
[Site "Heusenstamm"]
[Date "2017.11.25"]
[Round "5"]
[White "Maehrlein, Christoph"]
[Black "Olesiak, Marcin"]
[Result "1-0"]
[WhiteElo "2035"]
[BlackElo "2059"]
[PlyCount "99"]
[EventDate "2017.11.23"]
[EventType "swiss"]
[EventRounds "7"]
[EventCountry "GER"]
[SourceTitle "EXT 2019"]
[Source "ChessBase"]
[SourceDate "2018.10.10"]
[SourceVersion "1"]
[SourceVersionDate "2018.10.10"]
[SourceQuality "1"]

1. c4 e5 2. Nc3 Nc6 3. Nf3 f5 4. g3 Nf6 5. Bg2 Be7 6. 0-0 0-0 7. a3 a5 8. Nd5 d6 9. d4 e4 10. Nxe7+ Qxe7 11. Ng5 Bd7 12. Nh3 a4 13. e3 Na5 14. Qc2 b5 15. Nf4 Nxc4 16. Bd2 Qf7 17. Ne2 Nd5 18. Nc3 Nxc3 19. Bxc3 Be6 20. Rfe1 Nb6 21. Bb4 Bb3 22. Qc6 Nc4 23. f3 Qe8 24. Qxe8 Raxe8 25. fxe4 fxe4 26. Bc3 Bc2 27. Bh3 Re7 28. d5 Bd3 29. Bd4 Nd2 30. Bg4 Nf3+ 31. Bxf3 exf3 32. Kf2 Be4 33. Rad1 Rf5 34. Bc3 Bxd5 35. g4 Rg5 36. h4 Rge5 37. Bxe5 Rxe5 38. Rd4 c5 39. Rd2 Kf7 40. e4 Bxe4 41. Rxd6 Ke7 42. Rb6 c4 43. Kg3 Kd7 44. Ra6 g5 45. h5 Kc7 46. Rf6 b4 47. axb4 a3 48. bxa3 c3 49. Rxf3 c2 50. Rc3+ 1-0